01155nam a2200241 a 4500001001000000003000900010005001700019008004100036020001800077040002500095082002700120245026500147250001100412260008300423300002700506490006700533600005300600610004700653650003900700651005700739700005400796830006300850000048405DO-SdBNP20250113131851.0090831s2015 dr c r 000 0 spa d a9789945462821 aDO-SdBNPbspacBNPHU a972.93054bC111f, 201500aCaamaño frente a la O.E.A. :bactas de las reuniones del gobierno constitucional que encabezó el presidente constitucional Francisco Alberto Caamaño Deñó, con la Comisión de la O.E.A. y otros documentos relativos a la Guerra Patria de abril 1965 /. a2a ed. aSanto Domingo :bComisión Permanente de Efemérides Patrias,fBúhoc2015. av. :bretrs. ;c24 cm.1 a50 aniversario de la Geta Patriótica de Abril de 1965 ;v4 ;14aCaamaño Deño, Francisco Alberto, d1932-197320aOrganización de los Estados Americanos  4aGuerrillaszRepública Dominicana 4aRepública DominicanaxHistoriayRevolución, 19651 aCury, Jottin,d1921-2011epról.gDe la 1ra. ed. 0a50 aniversario de la Geta Patriótica de Abril de 1965n4